[Event "EUR-chT Seniors 50"]
[Site "Mali Losinj"]
[Date "2019.09.22"]
[Round "5.6"]
[White "Wagner Michel, Annett"]
[Black "Andersen, Per Oscar"]
[Result "1-0"]
[WhiteElo "2055"]
[BlackElo "1971"]
[PlyCount "79"]
[EventDate "2019.09.18"]
[EventType "team-swiss"]
[EventRounds "9"]
[EventCountry "CRO"]
[SourceTitle "EXT 2020"]
[Source "ChessBase"]
[SourceDate "2019.10.17"]
[SourceVersion "1"]
[SourceVersionDate "2019.10.17"]
[SourceQuality "1"]
[WhiteTeam "Germany (Women) 50"]
[BlackTeam "Agder 50"]
[WhiteTeamCountry "GER"]
[BlackTeamCountry "NOR"]

1. e4 c5 2. Nf3 e6 3. d4 cxd4 4. Nxd4 a6 5. c4 g6 6. Nc3 Bg7 7. Be3 Ne7 8. Qd2 d5 9. Nf3 dxe4 10. Qxd8+ Kxd8 11. 0-0-0+ Ke8 12. Nxe4 Nbc6 13. Nd6+ Kf8 14. Ng5 h6 15. Ngxf7 Rh7 16. Nxc8 Nxc8 17. Nd8 Nxd8 18. Rxd8+ Ke7 19. Rd2 Be5 20. Be2 Kf6 21. Rhd1 b5 22. f4 Bc7 23. Rd7 Rxd7 24. Rxd7 Bb6 25. c5 Ba5 26. g4 Ne7 27. Bd4+ Kf7 28. Be5 Ke8 29. Rb7 Bb4 30. Bd6 Nc8 31. Rh7 Ra7 32. Rh8+ Kd7 33. Rxh6 Ke8 34. Rh8+ Kd7 35. Bd3 g5 36. a3 Ba5 37. Rh7+ Ke8 38. Bg6+ Kd8 39. Rh8+ Kd7 40. Be8+ 1-0

[Event "Aalborg Larsen Memorial"]
[Site "Aalborg"]
[Date "2018.10.17"]
[Round "5"]
[White "Malmdin, Nils Ake"]
[Black "Andersen, Per Oscar"]
[Result "1/2-1/2"]
[WhiteElo "2141"]
[BlackElo "1952"]
[PlyCount "99"]
[EventDate "2018.10.13"]
[EventType "swiss"]
[EventRounds "7"]
[EventCountry "DEN"]
[SourceTitle "CBM 186 Extra"]
[Source "ChessBase"]
[SourceDate "2018.08.24"]
[SourceVersion "1"]
[SourceVersionDate "2018.08.24"]
[SourceQuality "1"]

1. e4 c5 2. Nf3 e6 3. Nc3 Nc6 4. d4 cxd4 5. Nxd4 Qc7 6. Be3 a6 7. Bd3 Nf6 8. 0-0 Nxd4 9. Bxd4 Bc5 10. Bxc5 Qxc5 11. Na4 Qc7 12. c4 d6 13. Rc1 0-0 14. Kh1 b6 15. Qe2 Bb7 16. f3 Bc6 17. Nc3 Qb7 18. a3 d5 19. e5 dxc4 20. Bb1 Nd5 21. Ne4 b5 22. f4 f5 23. exf6 Nxf6 24. Nc5 Qf7 25. Nxe6 Rfe8 26. f5 Bd5 27. Rce1 Bxe6 28. fxe6 Qe7 29. Qf3 Rad8 30. g4 Rf8 31. g5 Nd5 32. Qe4 g6 33. Rxf8+ Qxf8 34. Rd1 Ne7 35. Rxd8 Qxd8 36. Bc2 Qd5 37. h4 a5 38. Kh2 Qxe4 39. Bxe4 b4 40. axb4 axb4 41. Kg3 Nf5+ 42. Kf4 Kf8 43. h5 Ng7 44. hxg6 hxg6 45. Ke5 Ke7 46. Kd4 c3 47. bxc3 Nxe6+ 48. Kc4 bxc3 49. Kxc3 Nxg5 50. Bxg6 1/2-1/2

[Event "Helsingor Xtracon op"]
[Site "Helsingor"]
[Date "2016.07.26"]
[Round "5"]
[White "Andersen, Per Oscar"]
[Black "Gottschalck, Christian"]
[Result "1-0"]
[WhiteElo "1962"]
[BlackElo "1778"]
[PlyCount "111"]
[EventDate "2016.07.23"]
[EventType "swiss"]
[EventRounds "10"]
[EventCountry "DEN"]
[SourceTitle "CBM 173 Extra"]
[Source "ChessBase"]
[SourceDate "2016.08.29"]
[SourceVersion "1"]
[SourceVersionDate "2016.08.29"]
[SourceQuality "1"]

1. d4 d5 2. c4 Nc6 3. Nf3 Bg4 4. Bf4 e6 5. Nc3 a6 6. cxd5 exd5 7. e3 Nf6 8. Be2 Be7 9. h3 Bh5 10. 0-0 0-0 11. g4 Bg6 12. Ne5 Ne8 13. Nxg6 hxg6 14. Bf3 g5 15. Bg3 Nf6 16. Rc1 Rc8 17. Na4 Nb8 18. a3 b6 19. b4 Bd6 20. Bxd6 Qxd6 21. Qd3 Qd7 22. Qb3 Rfe8 23. Rc2 Re6 24. Rfc1 Rc6 25. Rxc6 Nxc6 26. Qc2 Ne7 27. Nb2 Ng6 28. Be2 b5 29. Qc6 Qxc6 30. Rxc6 Ne4 31. Rxa6 c6 32. Bd3 Nh4 33. Bxe4 dxe4 34. Nd1 Nf3+ 35. Kg2 Nd2 36. Nc3 g6 37. Ne2 Nf3 38. Ng3 Nd2 39. Nf1 Nf3 40. Nh2 Ne1+ 41. Kg3 Kg7 42. h4 gxh4+ 43. Kxh4 Rh8+ 44. Kg3 Rc8 45. Nf1 f5 46. g5 Rc7 47. Nd2 Nc2 48. Kf4 Kf7 49. f3 exf3 50. Nxf3 Ke6 51. Ne5 Kd5 52. Nxg6 Kc4 53. Ne5+ Kb3 54. Rxc6 Rb7 55. g6 Rg7 56. Rf6 1-0

[Event "Oslo op"]
[Site "Oslo"]
[Date "2014.04.06"]
[Round "5"]
[White "Johnsen, Sylvia"]
[Black "Andersen, Per Oscar"]
[Result "1/2-1/2"]
[WhiteElo "2010"]
[BlackElo "2075"]
[PlyCount "78"]
[EventDate "2014.04.04"]
[EventType "swiss"]
[EventRounds "5"]
[EventCountry "NOR"]
[SourceTitle "EXT 2016"]
[Source "ChessBase"]
[SourceDate "2015.10.08"]
[SourceVersion "1"]
[SourceVersionDate "2015.10.08"]
[SourceQuality "1"]

1. e4 d5 2. exd5 Nf6 3. Bb5+ Bd7 4. Bc4 Bg4 5. f3 Bc8 6. Nc3 Nbd7 7. d4 Nb6 8. Bb3 a5 9. a4 Nbxd5 10. Nge2 e6 11. 0-0 Be7 12. Re1 0-0 13. Ne4 b6 14. c4 Nb4 15. N2c3 Bb7 16. Be3 Qd7 17. Qe2 Rad8 18. Rad1 Qc8 19. d5 exd5 20. Nxf6+ Bxf6 21. Nxd5 Nxd5 22. cxd5 Ba6 23. Qc2 Rfe8 24. Bf4 Bd4+ 25. Kh1 Bc5 26. Re4 Bd6 27. Bg5 Rxe4 28. fxe4 Re8 29. h3 h6 30. Be3 Qd8 31. Bf2 Qf6 32. Re1 Qf4 33. Bg1 Bc8 34. Bc4 Bf5 35. Bd3 Bg6 36. Re3 Qe5 37. b3 Re7 38. Qb1 Bh5 39. Qf1 Bg6 1/2-1/2

[Event "Oslo op"]
[Site "Oslo"]
[Date "2014.04.05"]
[Round "2"]
[White "Rygg, Snorre"]
[Black "Andersen, Per Oscar"]
[Result "0-1"]
[WhiteElo "1827"]
[BlackElo "2075"]
[PlyCount "30"]
[EventDate "2014.04.04"]
[EventType "swiss"]
[EventRounds "5"]
[EventCountry "NOR"]
[SourceTitle "EXT 2016"]
[Source "ChessBase"]
[SourceDate "2015.10.08"]
[SourceVersion "1"]
[SourceVersionDate "2015.10.08"]
[SourceQuality "1"]

1. Nf3 d5 2. d4 e6 3. c4 c5 4. e3 Nc6 5. Nc3 Nf6 6. b3 cxd4 7. Nxd4 Bb4 8. Nde2 Ne4 9. Qc2 Qf6 10. Bd2 Qxf2+ 11. Kd1 Nxd2 12. Qxd2 0-0 13. cxd5 Rd8 14. Qd3 exd5 15. Nb5 Bf5 0-1

[Event "Reykjavik op"]
[Site "Reykjavik"]
[Date "2014.03.08"]
[Round "6"]
[White "Eliasson, Kristjan Orn"]
[Black "Andersen, Per Oscar"]
[Result "0-1"]
[WhiteElo "1875"]
[BlackElo "2042"]
[PlyCount "76"]
[EventDate "2014.03.04"]
[EventType "swiss"]
[EventRounds "10"]
[EventCountry "ISL"]
[SourceTitle "CBM 159 Extra"]
[Source "ChessBase"]
[SourceDate "2014.04.24"]
[SourceVersion "1"]
[SourceVersionDate "2014.04.24"]
[SourceQuality "1"]

1. e4 d5 2. e5 Bf5 3. d4 e6 4. Nf3 c5 5. c3 Nc6 6. Bb5 Qb6 7. Na3 a6 8. Ba4 Qc7 9. dxc5 Bxc5 10. b4 Be7 11. Bxc6+ bxc6 12. 0-0 h5 13. Re1 Bg4 14. Nc2 Bxf3 15. Qxf3 g6 16. a3 Nh6 17. h3 h4 18. Bd2 Nf5 19. Rac1 Qd7 20. Red1 Kf8 21. Qg4 Rh5 22. Bf4 a5 23. c4 axb4 24. axb4 Kg7 25. c5 Qb7 26. Rb1 Ra2 27. Qe2 Rh8 28. Qd3 Rha8 29. Qb3 Qb5 30. Rf1 Bxc5 31. Bg5 Bb6 32. Bf6+ Kh7 33. Ra1 Rxa1 34. Rxa1 Rxa1+ 35. Nxa1 Qe2 36. Bxh4 Qe1+ 37. Kh2 Nxh4 38. Qg3 Bxf2 0-1

[Event "Reykjavik op"]
[Site "Reykjavik"]
[Date "2014.03.07"]
[Round "5"]
[White "Andersen, Per Oscar"]
[Black "Kristinardottir, Elsa Maria"]
[Result "1/2-1/2"]
[WhiteElo "2042"]
[BlackElo "1822"]
[PlyCount "118"]
[EventDate "2014.03.04"]
[EventType "swiss"]
[EventRounds "10"]
[EventCountry "ISL"]
[SourceTitle "CBM 159 Extra"]
[Source "ChessBase"]
[SourceDate "2014.04.24"]
[SourceVersion "1"]
[SourceVersionDate "2014.04.24"]
[SourceQuality "1"]

1. d4 c6 2. Nf3 d5 3. e3 Nf6 4. Bd3 Bg4 5. c4 Nbd7 6. cxd5 cxd5 7. Nc3 e6 8. h3 Bh5 9. Qb3 Bxf3 10. gxf3 Qb6 11. Bd2 Be7 12. Na4 Qxb3 13. axb3 0-0 14. b4 e5 15. Nc5 exd4 16. exd4 Rfe8 17. 0-0 b6 18. Nxd7 Nxd7 19. Bb5 Red8 20. Rfc1 Bf6 21. Rc7 Nf8 22. Rcxa7 Rxa7 23. Rxa7 Bxd4 24. b3 h6 25. Bc6 Ng6 26. Ra8 Rxa8 27. Bxa8 Ne7 28. Bb7 Kf8 29. Ba6 Ke8 30. Bb5+ Kd8 31. Kf1 Be5 32. Ke2 Kc7 33. f4 Bd6 34. Be8 f6 35. Bh5 Nc6 36. Be8 Nd4+ 37. Kd3 Nxb3 38. Bc3 Nc1+ 39. Kc2 Bxf4 40. Bb5 Na2 41. Be1 d4 42. Bc4 Nc3 43. Bxc3 dxc3 44. Kxc3 Kd6 45. Kd4 f5 46. f3 Bc1 47. b5 Bb2+ 48. Ke3 Ke5 49. f4+ Kf6 50. Kf3 g5 51. fxg5+ hxg5 52. Be2 Ke5 53. Bd3 Bc3 54. Be2 Kd4 55. Bf1 Bd2 56. Be2 Bc1 57. Bf1 Bd2 58. Be2 Bc1 59. Bf1 Bd2 1/2-1/2

[Event "Reykjavik op"]
[Site "Reykjavik"]
[Date "2014.03.05"]
[Round "2"]
[White "Hansen, Erle Andrea Marki"]
[Black "Andersen, Per Oscar"]
[Result "1/2-1/2"]
[WhiteElo "1810"]
[BlackElo "2042"]
[PlyCount "69"]
[EventDate "2014.03.04"]
[EventType "swiss"]
[EventRounds "10"]
[EventCountry "ISL"]
[SourceTitle "CBM 159 Extra"]
[Source "ChessBase"]
[SourceDate "2014.04.24"]
[SourceVersion "1"]
[SourceVersionDate "2014.04.24"]
[SourceQuality "1"]

1. d4 Nf6 2. Nf3 e6 3. g3 b6 4. Bg2 Bb7 5. b3 c5 6. Bb2 Be7 7. 0-0 0-0 8. c4 cxd4 9. Qxd4 Nc6 10. Qc3 Qc7 11. Nbd2 Rac8 12. a3 Rfd8 13. Rac1 Qb8 14. Qc2 h6 15. Qb1 d6 16. Rfd1 Ba8 17. Qa1 b5 18. b4 bxc4 19. Nxc4 Ne8 20. Ne3 Bf6 21. Ng4 Bxb2 22. Qxb2 Qb5 23. Qd2 Qh5 24. h3 e5 25. Qe3 f5 26. Qb3+ Kh8 27. Ne3 e4 28. Nh4 Nd4 29. Rxc8 Nxe2+ 30. Kh2 Rxc8 31. Qe6 Rc3 32. Ng6+ Kh7 33. Nf8+ Kh8 34. Ng6+ Kh7 35. Nf8+ 1/2-1/2

[Event "Groningen op compact-A 51st"]
[Site "Groningen"]
[Date "2013.12.30"]
[Round "5"]
[White "Bodicker, Rob"]
[Black "Andersen, Per Oscar"]
[Result "1-0"]
[WhiteElo "1960"]
[BlackElo "2066"]
[PlyCount "121"]
[EventDate "2013.12.26"]
[EventType "swiss"]
[EventRounds "5"]
[EventCountry "NED"]
[SourceTitle "CBM 158 Extra"]
[Source "ChessBase"]
[SourceDate "2014.02.28"]
[SourceVersion "1"]
[SourceVersionDate "2014.02.28"]
[SourceQuality "1"]

1. d4 d5 2. c4 e6 3. Nf3 c5 4. cxd5 exd5 5. Nc3 Nf6 6. Bg5 Be7 7. dxc5 Nc6 8. e3 0-0 9. Be2 h6 10. Bh4 g5 11. Bg3 Bxc5 12. 0-0 Be6 13. Rc1 Bd6 14. Nb5 Bxg3 15. hxg3 Qe7 16. Nfd4 Nxd4 17. Nxd4 Ne4 18. Bd3 Rac8 19. Qh5 Kg7 20. Qe2 g4 21. Bb1 f5 22. Rxc8 Rxc8 23. Qd3 Bd7 24. Ne2 Qc5 25. Nf4 Qc4 26. Qxd5 Qxd5 27. Nxd5 Be6 28. Bxe4 fxe4 29. Nc3 Bf5 30. Rd1 Rc6 31. Kf1 Rb6 32. Rd2 Kf7 33. Ke1 Ke6 34. Ne2 Ke5 35. Nd4 Bg6 36. Rc2 Kd6 37. Kd2 a6 38. Kc1 Kd7 39. Ne2 Bf7 40. a3 Rf6 41. Nf4 Rd6 42. Rd2 Bg8 43. Kc2 a5 44. Rxd6+ Kxd6 45. Kc3 Ke5 46. b4 b6 47. Ne2 Bf7 48. Nd4 Bg8 49. bxa5 bxa5 50. Nc6+ Kd6 51. Nxa5 Kc5 52. Nb3+ Kd5 53. a4 Bf7 54. a5 Kc6 55. Kb4 Be8 56. Nd4+ Kb7 57. Nf5 Ka6 58. Nxh6 Bd7 59. Ng8 Be6 60. Nf6 Bf5 61. Kc5 1-0

[Event "Groningen op compact-A 51st"]
[Site "Groningen"]
[Date "2013.12.27"]
[Round "2"]
[White "Andersen, Per Oscar"]
[Black "Hagenbach, Udo"]
[Result "1/2-1/2"]
[WhiteElo "2066"]
[BlackElo "2185"]
[PlyCount "29"]
[EventDate "2013.12.26"]
[EventType "swiss"]
[EventRounds "5"]
[EventCountry "NED"]
[SourceTitle "CBM 158 Extra"]
[Source "ChessBase"]
[SourceDate "2014.02.28"]
[SourceVersion "1"]
[SourceVersionDate "2014.02.28"]
[SourceQuality "1"]

1. d4 Nf6 2. Nf3 g6 3. Nbd2 d5 4. e3 Bg7 5. c4 c6 6. Be2 0-0 7. 0-0 Re8 8. b3 Ne4 9. Bb2 Bg4 10. h3 Bxf3 11. Bxf3 f5 12. Nxe4 dxe4 13. Be2 Nd7 14. Qc2 Bf6 15. Rad1 1/2-1/2

[Event "NOR-chB"]
[Site "Lillehammer"]
[Date "2013.07.04"]
[Round "7"]
[White "Gandrud, Vegar Koi"]
[Black "Andersen, Per Oscar"]
[Result "1-0"]
[WhiteElo "2267"]
[BlackElo "2075"]
[PlyCount "81"]
[EventDate "2013.06.29"]
[EventType "swiss"]
[EventRounds "9"]
[EventCountry "NOR"]
[SourceTitle "EXT 2014"]
[Source "ChessBase"]
[SourceDate "2013.11.20"]
[SourceVersion "1"]
[SourceVersionDate "2013.11.20"]
[SourceQuality "1"]

1. d4 Nf6 2. c4 c5 3. d5 b5 4. cxb5 a6 5. bxa6 g6 6. Nc3 Bxa6 7. e4 Bxf1 8. Kxf1 d6 9. g3 Bg7 10. Kg2 0-0 11. Nf3 Nbd7 12. h3 Qa5 13. Re1 Rfb8 14. e5 dxe5 15. Nxe5 Nxe5 16. Rxe5 Rb7 17. Qe2 Qd8 18. Qf3 Ne8 19. Re2 Nd6 20. Bf4 Qa5 21. Rae1 Bxc3 22. bxc3 Qd8 23. Bg5 f6 24. Bf4 Ra6 25. Bxd6 Rxd6 26. c4 Ra7 27. Qe3 Qc8 28. Qb3 Kf7 29. Re6 Rxe6 30. Rxe6 Ra6 31. Re2 Qc7 32. Qe3 Qe5 33. Qd2 Qg5 34. Qb2 Ra8 35. Rxe7+ Kxe7 36. Qb7+ Kd6 37. Qc6+ Ke7 38. Qxa8 Qc1 39. Qa7+ Kf8 40. Qxc5+ Kg8 41. d6 1-0

[Event "NOR-chB"]
[Site "Lillehammer"]
[Date "2013.07.03"]
[Round "6"]
[White "Andersen, Per Oscar"]
[Black "Laverton, Christian"]
[Result "1/2-1/2"]
[WhiteElo "2075"]
[BlackElo "2082"]
[PlyCount "69"]
[EventDate "2013.06.29"]
[EventType "swiss"]
[EventRounds "9"]
[EventCountry "NOR"]
[SourceTitle "EXT 2014"]
[Source "ChessBase"]
[SourceDate "2013.11.20"]
[SourceVersion "1"]
[SourceVersionDate "2013.11.20"]
[SourceQuality "1"]

1. d4 d5 2. Nf3 Nf6 3. e3 c6 4. Bd3 Bg4 5. c4 Nbd7 6. cxd5 cxd5 7. 0-0 e6 8. Qb3 Bxf3 9. gxf3 Qb6 10. Bd2 Bd6 11. Nc3 a6 12. Rfc1 0-0 13. Na4 Qxb3 14. axb3 e5 15. Nc5 exd4 16. exd4 Nxc5 17. dxc5 Be5 18. Rc2 Nh5 19. Ra4 g6 20. c6 bxc6 21. Rxc6 Bxb2 22. Rcxa6 Rxa6 23. Rxa6 Rc8 24. Ra2 Bc1 25. Be1 Nf4 26. Bf1 Kg7 27. b4 d4 28. b5 d3 29. b6 Rc6 30. b7 Rb6 31. Bc3+ Kh6 32. Be5 Ne2+ 33. Bxe2 dxe2 34. Rxe2 Rxb7 35. Bd4 1/2-1/2

[Event "NOR-chB"]
[Site "Lillehammer"]
[Date "2013.07.01"]
[Round "4"]
[White "Andersen, Per Oscar"]
[Black "Woldseth, Ole"]
[Result "1/2-1/2"]
[WhiteElo "2075"]
[BlackElo "2093"]
[PlyCount "89"]
[EventDate "2013.06.29"]
[EventType "swiss"]
[EventRounds "9"]
[EventCountry "NOR"]
[SourceTitle "EXT 2014"]
[Source "ChessBase"]
[SourceDate "2013.11.20"]
[SourceVersion "1"]
[SourceVersionDate "2013.11.20"]
[SourceQuality "1"]

1. d4 Nf6 2. Nf3 e6 3. e3 b6 4. Bd3 Bb7 5. 0-0 Be7 6. c4 Ne4 7. Nbd2 f5 8. Qc2 Nxd2 9. Bxd2 c5 10. d5 exd5 11. Bxf5 dxc4 12. Bxh7 Bxf3 13. Bg6+ Kf8 14. Qf5+ Bf6 15. Qxf3 Nc6 16. Bc3 Rh6 17. Be4 Qc7 18. h3 Rd8 19. Rad1 Ne5 20. Qf5 d6 21. f4 Nf7 22. Bd5 b5 23. g4 Bxc3 24. g5 Rf6 25. gxf6 Bxf6 26. Rf2 Qe7 27. Re2 Re8 28. Kf1 Rd8 29. e4 Bd4 30. Rc1 Qf6 31. Qxf6 Bxf6 32. a4 Rb8 33. axb5 Rxb5 34. Bxc4 Rb4 35. Bxf7 Kxf7 36. Rcc2 Rb3 37. Kg2 Ke6 38. Red2 Bd4 39. Re2 a5 40. e5 dxe5 41. fxe5 Rb5 42. Kf3 Bxe5 43. Kg4 Kd5 44. Kf5 Bd4 45. h4 1/2-1/2

[Event "NOR-ch Master"]
[Site "Lillehammer"]
[Date "2013.06.29"]
[Round "2"]
[White "Andersen, Per Oscar"]
[Black "Ulvin, Dag"]
[Result "0-1"]
[WhiteElo "1945"]
[BlackElo "2212"]
[PlyCount "88"]
[EventDate "2013.06.29"]
[EventType "swiss"]
[EventRounds "9"]
[EventCountry "NOR"]
[SourceTitle "EXT 2018"]
[Source "ChessBase"]
[SourceDate "2017.10.13"]
[SourceVersion "1"]
[SourceVersionDate "2017.10.13"]
[SourceQuality "1"]

1. d4 Nf6 2. Nf3 e6 3. e3 c5 4. Bd3 Nc6 5. 0-0 d5 6. b3 Bd6 7. Bb2 0-0 8. Nbd2 Bd7 9. Ne5 Qc7 10. Nxc6 Bxc6 11. dxc5 Bxh2+ 12. Kh1 Be5 13. Bd4 Ne4 14. Nf3 Bf6 15. Bxf6 Nxf6 16. Nh2 Qa5 17. Ng4 Nxg4 18. Qxg4 Qxc5 19. Qh4 g6 20. b4 Qc3 21. Rab1 a6 22. f4 f5 23. Rf3 Qf6 24. Qe1 e5 25. fxe5 Qxe5 26. Rh3 Rae8 27. b5 axb5 28. Bxb5 f4 29. Bxc6 bxc6 30. Qh4 Re7 31. exf4 Rxf4 32. Qg3 c5 33. Qa3 d4 34. Qb3+ Kg7 35. Kg1 Re4 36. Qc4 Re2 37. Rf3 Qg5 38. Rf7+ Kh6 39. Rf2 Rxf2 40. Kxf2 Qe3+ 41. Kf1 Re4 42. g3 Qf3+ 43. Kg1 Qxg3+ 44. Kf1 Qf3+ 0-1

[Event "NOR-ch Master"]
[Site "Lillehammer"]
[Date "2013.06.29"]
[Round "9"]
[White "Haanshuus, Aslak"]
[Black "Andersen, Per Oscar"]
[Result "0-1"]
[WhiteElo "2031"]
[BlackElo "1945"]
[PlyCount "84"]
[EventDate "2013.06.29"]
[EventType "swiss"]
[EventRounds "9"]
[EventCountry "NOR"]
[SourceTitle "EXT 2018"]
[Source "ChessBase"]
[SourceDate "2017.10.13"]
[SourceVersion "1"]
[SourceVersionDate "2017.10.13"]
[SourceQuality "1"]

1. d4 Nf6 2. Nf3 e6 3. e3 b6 4. Bd3 Bb7 5. 0-0 c5 6. b3 Be7 7. Bb2 0-0 8. Nbd2 d6 9. c4 Nbd7 10. Qe2 Re8 11. Rac1 a6 12. e4 cxd4 13. Nxd4 Nc5 14. Bb1 Qc7 15. Rc3 Rad8 16. Rfc1 Qb8 17. Rh3 g6 18. N4f3 e5 19. Ne1 Ne6 20. Rhc3 Bc8 21. Nc2 Nf4 22. Qe1 b5 23. cxb5 d5 24. exd5 N6xd5 25. Rc6 Nd3 26. Qf1 Nxb2 27. Nc4 Nxc4 28. bxc4 Nf4 29. Ne3 axb5 30. cxb5 Bd7 31. a4 Ba3 32. R1c3 Bxc6 33. Rxc6 Rd6 34. Be4 Rxc6 35. Bxc6 Rd8 36. g3 Ne6 37. Qa1 Bc5 38. Ng4 Nd4 39. Nf6+ Kg7 40. Nd7 Qd6 41. Nxc5 Qxc5 42. Bg2 Nb3 0-1

[Event "NOR-chB"]
[Site "Lillehammer"]
[Date "2013.06.29"]
[Round "1"]
[White "Madland, Kristoffer"]
[Black "Andersen, Per Oscar"]
[Result "1/2-1/2"]
[WhiteElo "2096"]
[BlackElo "2075"]
[PlyCount "101"]
[EventDate "2013.06.29"]
[EventType "swiss"]
[EventRounds "9"]
[EventCountry "NOR"]
[SourceTitle "EXT 2014"]
[Source "ChessBase"]
[SourceDate "2013.11.20"]
[SourceVersion "1"]
[SourceVersionDate "2013.11.20"]
[SourceQuality "1"]

1. e4 d5 2. exd5 Nf6 3. d4 Bg4 4. Be2 Bxe2 5. Qxe2 Qxd5 6. Nf3 e6 7. 0-0 Nc6 8. Be3 Qh5 9. c4 0-0-0 10. Nc3 Rg8 11. Rfd1 g5 12. d5 g4 13. Nd4 Bd6 14. g3 Ne5 15. Ncb5 Nf3+ 16. Nxf3 gxf3 17. Nxd6+ Rxd6 18. Qd3 Ng4 19. h4 Ne5 20. Qe4 Rg4 21. Bf4 Qxh4 22. Bxe5 Rxe4 23. gxh4 Rxe5 24. Rd3 Rf5 25. Rad1 exd5 26. Rxd5 Rdxd5 27. cxd5 Kd7 28. Kh2 Kd6 29. Rd3 Rxd5 30. Rxf3 Ke6 31. Re3+ Re5 32. Rb3 b6 33. Kg3 Re4 34. Rc3 Kd7 35. Rd3+ Kc8 36. Rf3 Re7 37. Kg4 Kd7 38. Kg5 Ke8 39. Kh6 Kf8 40. Kxh7 Re2 41. b4 Rxa2 42. Rc3 Rxf2 43. Rxc7 Rf4 44. h5 a5 45. bxa5 bxa5 46. Ra7 a4 47. h6 Rh4 48. Ra8+ Ke7 49. Ra7+ Kf8 50. Ra8+ Ke7 51. Ra7+ 1/2-1/2

[Event "NOR-chT qualifier"]
[Site "Norway"]
[Date "2002.??.??"]
[Round "7"]
[White "Trygstad, Kristian J"]
[Black "Andersen, Per Oscar"]
[Result "1-0"]
[WhiteElo "2313"]
[BlackElo "2173"]
[PlyCount "137"]
[EventDate "2001.11.??"]
[EventType "team-tourn"]
[EventRounds "9"]
[EventCountry "NOR"]
[SourceTitle "EXT 2003"]
[Source "ChessBase"]
[SourceDate "2002.11.25"]
[SourceVersion "1"]
[SourceVersionDate "2002.11.25"]
[SourceQuality "1"]

1. c4 Nf6 2. g3 c5 3. Bg2 e6 4. Nf3 Nc6 5. 0-0 Be7 6. Nc3 0-0 7. e4 d6 8. h3 a6 9. d4 cxd4 10. Nxd4 Ne5 11. b3 Qc7 12. Be3 Bd7 13. Rc1 Rac8 14. f4 Ng6 15. Qe2 Qb8 16. g4 h6 17. a4 Nh7 18. Nf3 Nh4 19. Nxh4 Bxh4 20. Rfd1 Bc6 21. b4 Bf6 22. b5 axb5 23. axb5 Bxc3 24. bxc6 Bb4 25. cxb7 Qxb7 26. e5 Qc7 27. Rb1 Qxc4 28. Qxc4 Rxc4 29. exd6 Rd8 30. d7 Nf8 31. Bf1 Re4 32. Kf2 Be7 33. Rb7 Rb4 34. Rc7 Rbb8 35. Ba6 Rb2+ 36. Kf3 Ra2 37. Bb7 Rb2 38. Bc6 Rc2 39. Rc8 Rb2 40. Bc5 Rb3+ 41. Kg2 Nxd7 42. Rxd8+ Bxd8 43. Rxd7 Bf6 44. Bd4 Bxd4 45. Rxd4 g5 46. f5 exf5 47. gxf5 Kg7 48. Rd6 Rb2+ 49. Kg3 Rb3+ 50. Bf3 h5 51. Kf2 Rb2+ 52. Kg1 Rb1+ 53. Bd1 g4 54. hxg4 hxg4 55. Kg2 Rb2+ 56. Kg3 Ra2 57. Kxg4 Rg2+ 58. Kf4 Rf2+ 59. Bf3 Rf1 60. Kg4 Re1 61. Bd5 Rg1+ 62. Kf4 Rf1+ 63. Ke5 f6+ 64. Ke6 Re1+ 65. Kd7 Re5 66. Be6 Kh6 67. Ke7 Kg5 68. Rd1 Ra5 69. Rg1+ 1-0

[Event "NOR-chT qualifier"]
[Site "Norway"]
[Date "2001.??.??"]
[Round "1"]
[White "Andersen, Per Oscar"]
[Black "Thanke, Bror"]
[Result "0-1"]
[WhiteElo "2173"]
[BlackElo "2154"]
[PlyCount "130"]
[EventDate "2001.11.??"]
[EventType "team-tourn"]
[EventRounds "9"]
[EventCountry "NOR"]
[SourceTitle "EXT 2003"]
[Source "ChessBase"]
[SourceDate "2002.11.25"]
[SourceVersion "1"]
[SourceVersionDate "2002.11.25"]
[SourceQuality "1"]

1. d4 Nf6 2. Nf3 e6 3. Bf4 b6 4. e3 Bb7 5. Be2 d6 6. h3 Nbd7 7. 0-0 Be7 8. c4 0-0 9. Nc3 Ne4 10. Nxe4 Bxe4 11. Nd2 Bg6 12. Bf3 Rb8 13. Bh2 f5 14. Re1 e5 15. Bd5+ Kh8 16. Bc6 Bf6 17. Nf3 e4 18. Nd2 a5 19. a3 Bg5 20. b4 Nf6 21. f4 exf3 22. Bxf3 Re8 23. Bf4 Bxf4 24. exf4 Ne4 25. Bxe4 fxe4 26. Nf1 Qf6 27. g3 axb4 28. axb4 Qe6 29. g4 Qxc4 30. Rc1 Qxb4 31. Rxc7 Rbc8 32. Rxc8 Rxc8 33. f5 Bf7 34. Rxe4 Bd5 35. Qe1 Qa4 36. Rf4 Re8 37. Qd2 Qa3 38. Kh2 Bc4 39. Rf2 Bd5 40. Re2 Be4 41. Ng3 d5 42. Nxe4 dxe4 43. d5 Qd6+ 44. Kg2 h6 45. Qd4 Re5 46. Rxe4 Rxd5 47. Qc4 b5 48. Qc8+ Kh7 49. Re2 Rd3 50. Qc2 Qg3+ 51. Kf1 Qxh3+ 52. Rg2 Rf3+ 53. Kg1 Rd3 54. f6 Qe3+ 55. Kh1 Qh3+ 56. Kg1 Qe3+ 57. Kh1 gxf6 58. Re2 Qh3+ 59. Kg1 Qxg4+ 60. Kh1 Qh5+ 61. Kg1 Qg5+ 62. Kh1 Qd5+ 63. Kg1 Qd4+ 64. Kh1 Qd5+ 65. Kg1 Qf5 0-1